| 000 | 00427cam a22001337a 4500 | ||
|---|---|---|---|
| 008 | 180718b1986 xxu||||| |||| 00| 0 eng d | ||
| 082 | _aA81x54 In2/81/4/Pt3A&B/3 | ||
| 100 | _aCensus of India 1981 | ||
| 245 | _aBihar: general economic tables | ||
| 260 |
_aDelhi _bController of Publications _c1986 |
||
| 300 | _a1136+p. | ||
| 440 | _aCensus of India 1981. Series-4, Bihar. Part-III A & B (iii) | ||
| 500 | _aContents: Table B-20 | ||
| 999 |
_c482493 _d482493 |
||